| 000 | 00656nam a2200229 4500 | ||
|---|---|---|---|
| 003 | OSt | ||
| 005 | 20240726060852.0 | ||
| 006 | a | ||
| 008 | 240726b |||||||| |||| 00| 0 eng d | ||
| 020 | _a9780470584637 | ||
| 040 |
_aDWCL-Main lib. _cOC |
||
| 082 | _aCirc. 004.682 F794b 2010 | ||
| 100 | _aFox, Steve | ||
| 245 | _aBeginning sharepoint 2010 development / | ||
| 260 |
_aIndianapolis, Ind. : _bWiley Pub. Inc. , _cc2010. |
||
| 300 |
_axxix, _b466 p. : ill. ; _c24cm. |
||
| 504 | _aIncludes index. | ||
| 650 | _a1. Intranet ( Computer networks). | ||
| 650 | _a2. Web Servers. | ||
| 650 | _a3. Web portals. | ||
| 942 |
_2ddc _n0 _cBK-CIRC _kCirc. |
||
| 999 |
_c2808 _d2808 |
||